Les 10 meilleurs buteurs du pied gauche - Statistiques

Statistiques générales
  • Ce quiz a été pris 512 fois
  • Le résultat moyen est 4 sur 10
Statistiques - réponses
Buts Joueurs % Correct
424 Messi
100%
109 Ronaldo
77%
120 Robben
56%
97 Di Maria
51%
102 Bale
45%
134 Griezmann
40%
140 Salah
40%
99 Raul
13%
100 Hulk
7%
122 Podolski
5%
Aucun quiz correspondant
Distribution des résultats
% des personnes avec chaque résultat
Percentile par nombre de réponses
Votre historique - résultats
Vous n’avez pas pris ce quiz